الحماية الدولية للحق فى الحياة و مدى تطبيقها فى النظام القانونى المصرى / (رقم التسجيلة. 57435)

تفاصيل مارك
000 -LEADER
fixed length control field 02945cam a2200325 a 4500
003 - CONTROL NUMBER IDENTIFIER
control field EG-GiCUC
005 - DATE AND TIME OF LATEST TRANSACTION
control field 20250223031537.0
008 - FIXED-LENGTH DATA ELEMENTS--GENERAL INFORMATION
fixed length control field 160813s2016 ua f m 000 0 ara d
040 ## - CATALOGING SOURCE
Original cataloging agency EG-GiCUC
Language of cataloging ara
Transcribing agency EG-GiCUC
041 0# - LANGUAGE CODE
Language code of text/sound track or separate title ara
049 ## - LOCAL HOLDINGS (OCLC)
Holding library ايداع
097 ## - Thesis Degree
Thesis Level دكتوراه
099 ## - LOCAL FREE-TEXT CALL NUMBER (OCLC)
Classification number Cai01.04.04.Ph.D.2016.هش.ح
100 0# - MAIN ENTRY--PERSONAL NAME
Personal name هشام عبدالله محمود الحناوى
245 12 - TITLE STATEMENT
Title الحماية الدولية للحق فى الحياة و مدى تطبيقها فى النظام القانونى المصرى /
Statement of responsibility, etc. هشام عبدالله محمود الحناوى ؛ إشراف عادل عبدالله المسدى : أشرف عرفات سليمان
260 ## - PUBLICATION, DISTRIBUTION, ETC.
Place of publication, distribution, etc. القاهرة :
Name of publisher, distributor, etc. هشام عبدالله محمود الحناوى :
Date of publication, distribution, etc. 2016
300 ## - PHYSICAL DESCRIPTION
Extent 535 ص :
Other physical details ؛
Dimensions 30سم
502 ## - DISSERTATION NOTE
Dissertation note اطروحة (دكتوراه) - جامعة القاهرة - كلية الحقوق - قسم القانون الدولى العام
520 ## - SUMMARY, ETC.
Summary, etc. تناولت هذه الدراسة تمهيداً عن حقوق الإنسان بصفة عامة و تطورها: و كيفية الوصول لتعزيزها: و احترامها ثم انتقلت لبيان مفهوم حق الحياة و الإتفاقيات الدولية التى تعرضت لحمايته و نصت عليه باعتباره حق أساسى من الواجب على الجميع إحترامه: كما تم بيان الحقوق التى لها دور مباشر فى المحافظة على حياة الإنسان، و التى تعرف بحقوق البقاء. و قد تم بعد ذلك بيان النصوص الوطنية و الدولية التى تجرم انتهاك الحق فى الحياة: و بيان الجرائم الأشد خطورة على الحق فى الحياة: كما شملت الدراسة بيان آليات حماية الحق فى الحياة على المستويين الدولى و الوطنى سواء الآليات غير القضائية و الآليات القضائية: و فى الباب الأخير من الدراسة تم استعراض الإشكاليات التى تتعارض مع حماية الحق فى الحياة على المستوى الدولى و الوطنى. هذا و قد تضمنت الدراسة النتائج التى توصل إليها الباحث و التوصيات المقترحة للإسهام فى تعزيز و حماية الحق فى الحياة على المستوى الدولى و الوطنى
530 ## - ADDITIONAL PHYSICAL FORM AVAILABLE NOTE
Additional physical form available note صدر ايضا كقرص مدمج
653 #4 - INDEX TERM--UNCONTROLLED
Uncontrolled term الإتفاقات الدولية
653 #4 - INDEX TERM--UNCONTROLLED
Uncontrolled term الحماية الدولية
653 #4 - INDEX TERM--UNCONTROLLED
Uncontrolled term النظام القانونى المصرى
700 0# - ADDED ENTRY--PERSONAL NAME
Personal name أشرف عرفات سليمان :
Relator term
700 0# - ADDED ENTRY--PERSONAL NAME
Personal name عادل عبدالله المسدى :
Relator term
856 ## - ELECTRONIC LOCATION AND ACCESS
Uniform Resource Identifier <a href="http://172.23.153.220/th.pdf">http://172.23.153.220/th.pdf</a>
905 ## - LOCAL DATA ELEMENT E, LDE (RLIN)
Cataloger Nazla
Reviser Revisor
905 ## - LOCAL DATA ELEMENT E, LDE (RLIN)
Cataloger Samia
Reviser Cataloger
942 ## - ADDED ENTRY ELEMENTS (KOHA)
Source of classification or shelving scheme Dewey Decimal Classification
Koha item type Thesis
المقتنيات
Source of classification or shelving scheme Not for loan Home library Current library Date acquired Full call number Barcode Date last seen Koha item type Copy number
Dewey Decimal Classification   المكتبة المركزبة الجديدة - جامعة القاهرة قاعة الرسائل الجامعية - الدور الاول 11.02.2024 Cai01.04.04.Ph.D.2016.هش.ح 01010100022249000 22.09.2023 Thesis  
Dewey Decimal Classification   المكتبة المركزبة الجديدة - جامعة القاهرة مخـــزن الرســائل الجـــامعية - البدروم 11.02.2024 Cai01.04.04.Ph.D.2016.هش.ح 01020100022249000 22.09.2023 CD - Rom 22249.CD
Cairo University Libraries Portal Implemented & Customized by: Eng. M. Mohamady Contacts: new-lib@cl.cu.edu.eg | cnul@cl.cu.edu.eg
CUCL logo CNUL logo
© All rights reserved — Cairo University Libraries
CUCL logo
Implemented & Customized by: Eng. M. Mohamady Contact: new-lib@cl.cu.edu.eg © All rights reserved — New Central Library
CNUL logo
Implemented & Customized by: Eng. M. Mohamady Contact: cnul@cl.cu.edu.eg © All rights reserved — Cairo National University Library